|
|
|
|
| LEADER |
00759nam a22002172a 4500 |
| 001 |
001410274 |
| 003 |
CZ BrMZK |
| 005 |
20150204124508.0 |
| 007 |
ta |
| 008 |
140808s1962 xo er|||||||||||slo d |
| 040 |
|
|
|a BOA001
|b cze
|
| 100 |
1 |
|
|a Horváth, Imre
|7 jx20080205014
|4 aut
|
| 245 |
1 |
0 |
|a Cvičebnica slovenského jazyka pre 5. ročník všeobecnovzdelávacích škol s maďarským vyučovacím jazykom /
|c Horváth Imre a Pál Slánsky
|
| 250 |
|
|
|a 5. vyd.
|
| 260 |
|
|
|a Bratislava :
|b Slovenské pedagogické nakladateľstvo,
|c 1962
|
| 300 |
|
|
|a 196 s.
|
| 700 |
1 |
|
|a Slánsky, Pál
|4 aut
|
| 910 |
|
|
|a BOA001
|b 2-0413.075-62
|
| 990 |
|
|
|a BK
|
| 991 |
|
|
|b 201408
|
| 996 |
7 |
|
|b 2619122947
|c 2-0413.075-62
|l MZK
|r Sklad / do 24 hodin
|n 0
|w 001445438
|u 000010
|a 1
|e BOA001
|j MZK50
|s A
|